| 000 | 01159cad a22002175a 4500 | ||
|---|---|---|---|
| 001 | L138392 | ||
| 008 | 070604e20070525xxk f 000 0 eng d | ||
| 035 | _a(Sirsi) u138392 | ||
| 041 | 0 | _aeng | |
| 110 | 2 |
_aCITB-ConstructionSkills _94992 |
|
| 245 | 0 | 0 |
_aConstruction industry urged to take on apprentices _h[electronic resource] |
| 260 | _c2007 | ||
| 490 | 0 |
_aCITB-ConstructionSkills Press Release _v25 May 2007 |
|
| 520 | _aConstructionSkills figures reveal that in 2006 England?s construction industry lost out on around 12 000 recruits due to a lack of vacancies offered by employers. Many companies still believe that taking on an apprentice is expensive or that apprentices will drop out, but in fact over 70% of ConstructionSkills apprentices have some of the best completion rates in the industry. ConstructionSkills is urging the industry to acknowledge this and offer more apprenticeship placements in 2007. | ||
| 590 | _aKA | ||
| 651 | 4 |
_aEngland _y886- |
|
| 690 | _aCAREERS, TRAINING AND EDUCATION | ||
| 690 | _aBUILT ENVIRONMENT | ||
| 856 | 4 | 0 |
_uhttps://www.citb.co.uk/news/ _zView the item free of charge at www.citb.co.uk... |
| 942 | _n0 | ||
| 999 |
_c78850 _d78850 |
||